000 00321 a2200157 4500
001 169093
020 _a
040 _cMagnum
100 _aFaundez, Antonio
240 1 0 _aO poder da participacao
_lpor
245 1 0 _aO poder da participacao
362 0 _a1899
440 1 _aCortez
697 _aENSINO
942 _cBK
999 _c169093
_d169093